Statistics for Groups of Countries #2

Click here to take the quiz!

General Stats

  • This quiz has been taken 472 times
  • The average score is 40 of 47

Answer Stats

GroupCountry% Correct
Iraq
97%
Turkey
97%
Turkey
97%
Iran
96%
Oman
96%
Saudi Arabia
96%
Yemen
96%
Israel
95%
Syria
95%
Jordan
94%
Lebanon
94%
United Arab Emirates
94%
United Kingdom
94%
United States
94%
Kuwait
93%
Qatar
93%
Middle EastBahrain
91%
Balkans*Croatia
91%
Balkans*Serbia
91%
Balkans*Bosnia and Herzegovina
90%
France
90%
Balkans*Albania
89%
Greater AntillesCuba
89%
Egypt
89%
Haiti
89%
Balkans*North Macedonia
89%
Balkans*Slovenia
89%
Dominican Republic
88%
Balkans*Greece
88%
Jamaica
88%
Balkans*Kosovo
88%
Russia
88%
P5 (Permanent Members of the UN Council)China
87%
Balkans*Montenegro
87%
Balkans*Bulgaria
85%
Kenya
83%
Tanzania
81%
Cyprus
78%
Uganda
77%
Rwanda
75%
East African CommunityBurundi
71%
Turkic CouncilAzerbaijan
68%
Kazakhstan
58%
South Sudan
58%
Uzbekistan
56%
Kyrgyzstan
55%
Hungary
44%

Score Distribution

Percentile by Number Answered

Percent of People with Each Score

Your Score History

You have not taken this quiz